000 aam a22 a 4500
999 _c323204
_d323204
003 BLK
005 20220225172334.0
008 181012b bu ||||| |||| 00| 0 bu d
020 _a978-954-337-348-2
040 _aBLK
041 _aBUL
_cBUL
080 _aБългарска литература
_b821.163.2
_x-31
_z821.163.2-31
100 1 _9117358
_eпърви автор
_aРумин, Румен
139 _aРумин, Румен
_bР 92
245 _aВ сянката на войната
_cРумен Пеев
260 _bАвангард принт
_c2018
_aРусе
300 _a312 с.
_c21 см
380 _aX
500 _aИстинското име на авт. е Румен Пеев
852 _aК 821.163.2/Р 92 Р
942 _cKNG
_2udc
_n0
_05
_s1
999 _d323204
999 _d323204
999 _d323204
999 _d323204
999 _d323204
999 _d323204